[Event "Sabadell op-A 10th"]
[Site "Sabadell"]
[Date "2017.09.10"]
[Round "9"]
[White "Solano Cuya, Bryan"]
[Black "Duran Vega, Sergio"]
[Result "1/2-1/2"]
[WhiteElo "2228"]
[BlackElo "2389"]
[PlyCount "25"]
[EventDate "2017.09.01"]
[EventType "swiss"]
[EventRounds "9"]
[EventCountry "ESP"]
[SourceTitle "CBM 180 Extra"]
[Source "ChessBase"]
[SourceDate "2017.10.06"]
[SourceVersion "1"]
[SourceVersionDate "2017.10.06"]
[SourceQuality "1"]

1. d4 Nf6 2. Nf3 d5 3. c4 c6 4. cxd5 cxd5 5. Nc3 Nc6 6. Bf4 a6 7. e3 e6 8. Be2 Be7 9. 0-0 0-0 10. Rc1 Bd7 11. Ne5 Rc8 12. Nxc6 Bxc6 13. h3 1/2-1/2

[Event "Barcelona Sants op 19th"]
[Site "Barcelona"]
[Date "2017.08.26"]
[Round "9"]
[White "Tsolakidou, Stavroula"]
[Black "Solano Cuya, Bryan"]
[Result "1-0"]
[WhiteElo "2366"]
[BlackElo "2228"]
[PlyCount "57"]
[EventDate "2017.08.18"]
[EventType "swiss"]
[EventRounds "10"]
[EventCountry "ESP"]
[SourceTitle "CBM 180 Extra"]
[Source "ChessBase"]
[SourceDate "2017.10.06"]
[SourceVersion "1"]
[SourceVersionDate "2017.10.06"]
[SourceQuality "1"]

1. e4 c5 2. Nf3 d6 3. Bb5+ Nc6 4. 0-0 Bd7 5. Re1 Nf6 6. c3 e6 7. d4 cxd4 8. cxd4 d5 9. exd5 Nxd5 10. Nc3 Nxc3 11. bxc3 Be7 12. Bd3 0-0 13. Qc2 h6 14. Qe2 Re8 15. Bf4 Bf8 16. Rab1 b6 17. h4 Ne7 18. Ne5 Nc6 19. Nxd7 Qxd7 20. Qe4 f5 21. Qf3 Kh8 22. Bb5 Rec8 23. Bc4 Nd8 24. Ba6 Qa4 25. Bxc8 Rxc8 26. d5 Qxa2 27. Ra1 Qxd5 28. Qxd5 exd5 29. Re8 1-0

[Event "Barcelona Sants op 19th"]
[Site "Barcelona"]
[Date "2017.08.22"]
[Round "5"]
[White "Pfreundt, Jakob"]
[Black "Solano Cuya, Bryan"]
[Result "1-0"]
[WhiteElo "2388"]
[BlackElo "2228"]
[PlyCount "95"]
[EventDate "2017.08.18"]
[EventType "swiss"]
[EventRounds "10"]
[EventCountry "ESP"]
[SourceTitle "CBM 180 Extra"]
[Source "ChessBase"]
[SourceDate "2017.10.06"]
[SourceVersion "1"]
[SourceVersionDate "2017.10.06"]
[SourceQuality "1"]

1. Nf3 d5 2. d4 Nf6 3. c4 dxc4 4. e3 Bg4 5. Bxc4 e6 6. 0-0 Nbd7 7. h3 Bh5 8. b3 Be7 9. Bb2 0-0 10. Be2 c5 11. Nc3 Rc8 12. d5 exd5 13. Nxd5 Bd6 14. Nf4 Bxf3 15. Bxf3 Qc7 16. Nd5 Nxd5 17. Qxd5 b6 18. Rad1 Be5 19. Bc1 Nf6 20. Qc4 Rfd8 21. Rxd8+ Rxd8 22. Rd1 Rxd1+ 23. Bxd1 Qd7 24. Bc2 h6 25. a3 a5 26. Bd3 Qd6 27. Qc2 Nd5 28. Bd2 Bf6 29. Bc4 Nc7 30. a4 Ne6 31. Qd3 Qe5 32. Qd7 Nd8 33. f4 Qe4 34. Kh2 Kf8 35. Qd6+ Be7 36. Qxb6 Nc6 37. Qb7 Qg6 38. Qc8+ Nd8 39. Bxa5 Bh4 40. Qg4 Qf6 41. g3 Nc6 42. gxh4 Nxa5 43. Qc8+ Ke7 44. Qxc5+ Ke8 45. Qxa5 Qb2+ 46. Kg3 Qc1 47. Qe5+ Kd8 48. Qd6+ 1-0

[Event "Barcelona Sants op 19th"]
[Site "Barcelona"]
[Date "2017.08.19"]
[Round "2"]
[White "Solano Cuya, Bryan"]
[Black "Brunner, Nicolas"]
[Result "0-1"]
[WhiteElo "2228"]
[BlackElo "2472"]
[PlyCount "62"]
[EventDate "2017.08.18"]
[EventType "swiss"]
[EventRounds "10"]
[EventCountry "ESP"]
[SourceTitle "CBM 180 Extra"]
[Source "ChessBase"]
[SourceDate "2017.10.06"]
[SourceVersion "1"]
[SourceVersionDate "2017.10.06"]
[SourceQuality "1"]

1. d4 Nf6 2. Nf3 d5 3. c4 e6 4. Nc3 Bb4 5. Bg5 dxc4 6. e3 b5 7. a4 c6 8. Qc2 Bb7 9. Be2 0-0 10. 0-0 a6 11. e4 h6 12. Bh4 Be7 13. e5 Nd5 14. Bxe7 Nxe7 15. Ne4 Nd7 16. b3 cxb3 17. Qxb3 Qb6 18. a5 Qa7 19. Rfc1 c5 20. Nxc5 Bd5 21. Qe3 Nxc5 22. Rxc5 Rac8 23. g4 Rxc5 24. dxc5 Rc8 25. Rc1 Qc7 26. Nd4 Qxa5 27. f4 Rxc5 28. Rd1 Rc3 29. Qf2 Qc7 30. Bxb5 axb5 31. Nxb5 Rc1 0-1

[Event "American Continental 13th"]
[Site "Medellin"]
[Date "2017.06.13"]
[Round "5"]
[White "Solano Cuya, Bryan"]
[Black "Lotero, Faiber"]
[Result "1/2-1/2"]
[WhiteElo "2246"]
[BlackElo "2092"]
[PlyCount "68"]
[EventDate "2017.06.10"]
[EventType "swiss"]
[EventRounds "11"]
[EventCountry "COL"]
[SourceTitle "CBM 178 Extra"]
[Source "ChessBase"]
[SourceDate "2017.06.22"]
[SourceVersion "1"]
[SourceVersionDate "2017.06.22"]
[SourceQuality "1"]

1. d4 Nf6 2. c4 c5 3. d5 g6 4. Nc3 d6 5. e4 Bg7 6. Bd3 0-0 7. Nf3 e6 8. 0-0 exd5 9. exd5 Bg4 10. Re1 Re8 11. Rxe8+ Nxe8 12. h3 Bxf3 13. Qxf3 Nd7 14. Bf1 Ne5 15. Qd1 Qh4 16. Qb3 b6 17. a4 Nf6 18. a5 bxa5 19. Rxa5 g5 20. Nb5 Ne4 21. Qe3 f5 22. g3 Qh5 23. Rxa7 Rxa7 24. Nxa7 Nf3+ 25. Kg2 g4 26. h4 Bd4 27. Qh6 Ne1+ 28. Kh2 Nf3+ 29. Kg2 Qxh6 30. Bxh6 Bxf2 31. Bf4 Bd4 32. Nc8 Ne1+ 33. Kh2 Nf3+ 34. Kg2 Ne1+ 1/2-1/2

[Event "American Continental 13th"]
[Site "Medellin"]
[Date "2017.06.10"]
[Round "1"]
[White "Solano Cuya, Bryan"]
[Black "Ramirez Gonzalez, Maria Jose"]
[Result "1-0"]
[WhiteElo "2246"]
[BlackElo "1824"]
[PlyCount "43"]
[EventDate "2017.06.10"]
[EventType "swiss"]
[EventRounds "11"]
[EventCountry "COL"]
[SourceTitle "CBM 178 Extra"]
[Source "ChessBase"]
[SourceDate "2017.06.22"]
[SourceVersion "1"]
[SourceVersionDate "2017.06.22"]
[SourceQuality "1"]

1. d4 Nf6 2. c4 c5 3. d5 b5 4. Qc2 Bb7 5. e4 bxc4 6. Bxc4 e6 7. Nc3 exd5 8. exd5 d6 9. Nge2 Be7 10. a4 0-0 11. a5 a6 12. 0-0 Nbd7 13. f4 Ne8 14. Ng3 Nc7 15. Qd3 Nf6 16. b3 Re8 17. Bb2 Qd7 18. f5 Ng4 19. Nce4 Bf8 20. Nh5 Qe7 21. Rf4 Ne5 22. Qg3 1-0

[Event "Pan American-ch U20"]
[Site "San Salvador"]
[Date "2015.07.21"]
[Round "9"]
[White "Solano Cuya, Bryan"]
[Black "Chavez Estevez, Hayler David"]
[Result "1-0"]
[WhiteElo "2149"]
[BlackElo "2347"]
[PlyCount "111"]
[EventDate "2015.07.16"]
[EventType "swiss"]
[EventRounds "9"]
[EventCountry "ESA"]
[SourceTitle "EXT 2016"]
[Source "ChessBase"]
[SourceDate "2015.10.08"]
[SourceVersion "1"]
[SourceVersionDate "2015.10.08"]
[SourceQuality "1"]

1. d4 Nf6 2. c4 e6 3. Nc3 Bb4 4. f3 d5 5. a3 Bxc3+ 6. bxc3 0-0 7. cxd5 exd5 8. e3 b6 9. Bd3 Ba6 10. Ne2 Bxd3 11. Qxd3 Re8 12. 0-0 Nc6 13. Ng3 Na5 14. Ra2 Nd7 15. e4 c6 16. e5 f6 17. f4 Nc4 18. Re2 Qe7 19. h4 Kh8 20. h5 Qf7 21. Rfe1 Nf8 22. f5 a5 23. h6 g6 24. e6 Qe7 25. Qf3 Ra7 26. Rf1 b5 27. fxg6 hxg6 28. Qxf6+ Qxf6 29. Rxf6 Rae7 30. Ref2 Nh7 31. Rxg6 Rxe6 32. Rg7 Nf6 33. Bg5 Re1+ 34. Nf1 Ne4 35. Bf6 Ncd2 36. Rxd2 Nxf6 37. Rf2 Ng8 38. Rff7 Nxh6 39. Rh7+ Kg8 40. Rfg7+ Kf8 41. Rc7 R1e6 42. Nd2 Rf6 43. Nf3 Nf7 44. Ne5 Kg8 45. Rhxf7 Rxf7 46. Nxf7 Re1+ 47. Kh2 Ra1 48. Ne5 Rxa3 49. Rxc6 Rb3 50. g4 a4 51. g5 a3 52. Rc8+ Kg7 53. Rc7+ Kg8 54. g6 Rb2+ 55. Kh3 Rc2 56. Ng4 1-0

[Event "Pan American-ch U20"]
[Site "San Salvador"]
[Date "2015.07.17"]
[Round "2"]
[White "Solano Cuya, Bryan"]
[Black "Arias, Daniel1111"]
[Result "0-1"]
[WhiteElo "2149"]
[BlackElo "2242"]
[PlyCount "86"]
[EventDate "2015.07.16"]
[EventType "swiss"]
[EventRounds "9"]
[EventCountry "ESA"]
[SourceTitle "EXT 2016"]
[Source "ChessBase"]
[SourceDate "2015.10.08"]
[SourceVersion "1"]
[SourceVersionDate "2015.10.08"]
[SourceQuality "1"]

1. d4 Nf6 2. c4 g6 3. Nc3 Bg7 4. e4 d6 5. Nf3 0-0 6. Be2 e5 7. 0-0 Nc6 8. d5 Ne7 9. b4 Nh5 10. g3 a5 11. bxa5 Rxa5 12. a4 b6 13. Ba3 f5 14. Nd2 f4 15. Bb4 Ra8 16. Bg4 Nf6 17. Bxc8 Qxc8 18. Kg2 g5 19. f3 g4 20. Ne2 Ng6 21. Bc3 gxf3+ 22. Rxf3 Ng4 23. Qg1 fxg3 24. hxg3 Bh6 25. Qh1 Qd7 26. Ng1 Rxa4 27. Rxa4 Qxa4 28. Qh5 Qd7 29. Nf1 Qc8 30. Rf5 Ne3+ 31. Nxe3 Bxe3 32. Nf3 Qd8 33. Kf1 Kg7 34. Ke2 Bh6 35. Kd1 Qa8 36. g4 Qa4+ 37. Ke1 Qxc4 38. Rxf8 Qxc3+ 39. Kf2 Be3+ 40. Kg3 Nxf8 41. g5 Qc2 42. Qh6+ Kg8 43. Nh4 Qxe4 0-1

[Event "Pan American-ch U20"]
[Site "San Salvador"]
[Date "2015.07.17"]
[Round "3"]
[White "Valencia, Oscar"]
[Black "Solano Cuya, Bryan"]
[Result "0-1"]
[WhiteElo "1728"]
[BlackElo "2149"]
[PlyCount "58"]
[EventDate "2015.07.16"]
[EventType "swiss"]
[EventRounds "9"]
[EventCountry "ESA"]
[SourceTitle "EXT 2016"]
[Source "ChessBase"]
[SourceDate "2015.10.08"]
[SourceVersion "1"]
[SourceVersionDate "2015.10.08"]
[SourceQuality "1"]

1. d4 Nf6 2. c4 g6 3. Nc3 d5 4. cxd5 Nxd5 5. e4 Nxc3 6. bxc3 Bg7 7. Bc4 c5 8. Be3 Nc6 9. Ne2 0-0 10. 0-0 Na5 11. Bd3 cxd4 12. cxd4 b6 13. Rc1 Bb7 14. f3 e6 15. Qd2 Qd7 16. Rc3 Rac8 17. Rfc1 Rxc3 18. Rxc3 Nc6 19. Bb1 Rd8 20. Rd3 Ba6 21. Ra3 Bxe2 22. Qxe2 Bxd4 23. Rd3 Bxe3+ 24. Qxe3 Nd4 25. Qd2 Qb5 26. Bc2 Qc5 27. Kf1 Qc4 28. Kg1 Qxa2 29. Qc3 Ne2+ 0-1

[Event "San Jose Tal Memorial"]
[Site "San Jose"]
[Date "2015.02.07"]
[Round "5"]
[White "Arias Santana, Mauricio"]
[Black "Solano Cuya, Bryan"]
[Result "1/2-1/2"]
[WhiteElo "2344"]
[BlackElo "2143"]
[PlyCount "44"]
[EventDate "2015.01.30"]
[EventType "tourn"]
[EventRounds "5"]
[EventCountry "CRI"]
[SourceTitle "EXT 2016"]
[Source "ChessBase"]
[SourceDate "2015.10.08"]
[SourceVersion "1"]
[SourceVersionDate "2015.10.08"]
[SourceQuality "1"]

1. d4 Nf6 2. c4 g6 3. f3 c5 4. d5 Bg7 5. e4 d6 6. Ne2 0-0 7. Nec3 e6 8. Be2 Na6 9. 0-0 Nc7 10. Bg5 exd5 11. cxd5 h6 12. Be3 Bd7 13. a4 a6 14. Na3 b5 15. axb5 axb5 16. Naxb5 Nxb5 17. Bxb5 Bxb5 18. Nxb5 Qb6 19. Rxa8 Rxa8 20. Na3 Qxb2 21. Nc4 Qc3 22. Qc1 Qd3 1/2-1/2

[Event "San Jose Tal Memorial"]
[Site "San Jose"]
[Date "2015.02.05"]
[Round "4"]
[White "Solano Cuya, Bryan"]
[Black "Jimenez Garcia, Emanuel"]
[Result "1/2-1/2"]
[WhiteElo "2143"]
[BlackElo "2224"]
[PlyCount "99"]
[EventDate "2015.01.30"]
[EventType "tourn"]
[EventRounds "5"]
[EventCountry "CRI"]
[SourceTitle "EXT 2016"]
[Source "ChessBase"]
[SourceDate "2015.10.08"]
[SourceVersion "1"]
[SourceVersionDate "2015.10.08"]
[SourceQuality "1"]

1. d4 Nf6 2. c4 e6 3. Nc3 c5 4. d5 exd5 5. cxd5 Bd6 6. g3 0-0 7. Bg2 Re8 8. Nf3 a6 9. 0-0 b5 10. Ng5 Bb7 11. Nce4 Nxe4 12. Nxe4 Bf8 13. a4 d6 14. Qd3 c4 15. Qd1 Nd7 16. Be3 f5 17. Nc3 b4 18. Nb1 Rc8 19. a5 Nc5 20. Nd2 c3 21. bxc3 bxc3 22. Nc4 g6 23. Nb6 Rc7 24. Bd4 c2 25. Qxc2 Ne6 26. Qb2 Nxd4 27. Qxd4 Bg7 28. Qd3 Bxa1 29. Rxa1 Qf6 30. Rb1 Qe7 31. e3 Rc5 32. Qa3 Qc7 33. h4 Rc3 34. Qb4 Re7 35. Qf4 Rc5 36. Ra1 Re5 37. h5 Qe7 38. hxg6 hxg6 39. Qh6 Qf7 40. Qh4 Qe7 41. Qh6 Qf7 42. Qh4 Re7 43. Bf3 Kg7 44. Qf4 Qf6 45. Qa4 Qb2 46. Rf1 Qc3 47. Qh4 Qf6 48. Qa4 Qc3 49. Qh4 Qf6 50. Qa4 1/2-1/2

[Event "San Jose Tal Memorial"]
[Site "San Jose"]
[Date "2015.01.31"]
[Round "2"]
[White "Solano Cuya, Bryan"]
[Black "Alfaro Rojas, Alfonso Jose"]
[Result "0-1"]
[WhiteElo "2143"]
[BlackElo "2247"]
[PlyCount "91"]
[EventDate "2015.01.30"]
[EventType "tourn"]
[EventRounds "5"]
[EventCountry "CRI"]
[SourceTitle "EXT 2016"]
[Source "ChessBase"]
[SourceDate "2015.10.08"]
[SourceVersion "1"]
[SourceVersionDate "2015.10.08"]
[SourceQuality "1"]

1. d4 d5 2. c4 c6 3. Nc3 Nf6 4. e3 e6 5. Bd3 Nbd7 6. b3 Bd6 7. f4 b6 8. Nf3 Bb7 9. 0-0 0-0 10. Ne5 c5 11. Bb2 a6 12. Qe2 Re8 13. Rfd1 cxd4 14. exd4 Nf8 15. Qe3 Rc8 16. a4 a5 17. Rac1 Ng6 18. Nb5 dxc4 19. bxc4 Bb4 20. f5 Nh4 21. fxe6 fxe6 22. Qh3 Nxg2 23. Rf1 h6 24. Rc2 Ne1 25. Bg6 Nd7 26. Bf7+ Kh8 27. Ng4 Nf8 28. Re2 Nh7 29. Nxh6 Ng5 30. Qh5 Ngf3+ 31. Rxf3 Nxf3+ 32. Kf2 Qh4+ 33. Qxh4 Nxh4 34. Bxe8 Rxe8 35. Nf7+ Kg8 36. Ng5 Bc8 37. Nc7 Rf8+ 38. Ke3 Bd7 39. Ncxe6 Re8 40. d5 Bxa4 41. Kf4 Bb3 42. Re4 Rc8 43. Kg4 Ng6 44. Kh5 Nf8 45. Bxg7 Rxc4 46. Rf4 0-1

[Event "Central America U20 op"]
[Site "San Jose "]
[Date "2014.12.20"]
[Round "6"]
[White "Nieto, Alejandro"]
[Black "Solano Cuya, Bryan"]
[Result "1/2-1/2"]
[WhiteElo "1997"]
[BlackElo "2142"]
[PlyCount "100"]
[EventDate "2014.12.17"]
[EventType "swiss"]
[EventRounds "9"]
[EventCountry "CRI"]
[SourceTitle "EXT 2016"]
[Source "ChessBase"]
[SourceDate "2015.10.08"]
[SourceVersion "1"]
[SourceVersionDate "2015.10.08"]
[SourceQuality "1"]

1. c4 e5 2. g3 Nf6 3. Bg2 d5 4. cxd5 Nxd5 5. Nc3 Nb6 6. Nf3 Nc6 7. 0-0 Be7 8. d3 0-0 9. b3 Be6 10. Bb2 f6 11. Rc1 a5 12. Nd2 Qd7 13. Nc4 Nd5 14. Nxd5 Bxd5 15. Bxd5+ Qxd5 16. Ne3 Qd7 17. Qc2 Kh8 18. Qc4 Ra6 19. Rfd1 Bd6 20. Qd5 Qc8 21. Qf3 a4 22. Nc4 axb3 23. axb3 Bc5 24. e3 Bb4 25. d4 b5 26. Nd2 Na5 27. Bc3 Ba3 28. Rc2 exd4 29. exd4 Bd6 30. Bxa5 Rxa5 31. Ne4 Qa8 32. Kg2 Ra3 33. Nxd6 cxd6 34. Qxa8 Rfxa8 35. Rd3 Kg8 36. Rc6 R8a6 37. Rc7 Ra7 38. Rc6 R3a6 39. d5 Kf7 40. Rdc3 f5 41. f4 Ra2+ 42. Kf3 Rxh2 43. Rc7+ Rxc7 44. Rxc7+ Kf6 45. Rb7 h5 46. Rxb5 Rd2 47. Ke3 Rc2 48. Rb6 Rc3+ 49. Kf2 Ke7 50. Rb7+ Kf6 1/2-1/2